[Event "10th Vellmar Chess Days"]
[Site "chess24.com"]
[Date "2018.07.14"]
[Round "5.12"]
[White "Fromm, Nick"]
[Black "Scharrer, Udo"]
[Result "0-1"]
[WhiteElo "1614"]
[BlackElo "2054"]
[PlyCount "76"]
[EventDate "2018.??.??"]
[WhiteTeam "Deutschland"]
[BlackTeam "Deutschland"]
[WhiteTeamCountry "GER"]
[BlackTeamCountry "GER"]
[WhiteClock "1:30:30"]
[BlackClock "1:30:30"]

1. e4 c5 2. Nf3 Nc6 3. d4 cxd4 4. Nxd4 Nf6 5. Nc3 e5 6. Nb3 Bb4 7. Bd3 d5 8.
exd5 Nxd5 9. Bd2 Nxc3 10. bxc3 Bd6 11. O-O O-O 12. Qh5 f5 13. g4 Qf6 14. g5 Qf7
15. Qh4 Be6 16. Rae1 e4 17. Be2 Ne5 18. f4 Nc4 19. Bxc4 Bxc4 20. Rf2 Bc7 21.
Rg2 Bb6+ 22. Be3 Bxe3+ 23. Rxe3 g6 24. Rh3 Bxb3 25. cxb3 Rfd8 26. Rf2 Rd1+ 27.
Kg2 Rad8 28. Re3 R8d3 29. Rfe2 Rxe3 30. Rxe3 Rd2+ 31. Kh3 Rxa2 32. Qe1 Qxb3 33.
Rd3 Qb6 34. Rd2 Ra3 35. Qd1 Rxc3+ 36. Kh4 Rc8 37. Rb2 Qxb2 38. Qd5+ Kh8 0-1

[Event "10th Vellmar Chess Days"]
[Site "chess24.com"]
[Date "2018.07.14"]
[Round "5.13"]
[White "Eggenstein, Frank"]
[Black "Krause, Maximilian"]
[Result "1/2-1/2"]
[WhiteElo "1987"]
[BlackElo "1827"]
[PlyCount "47"]
[EventDate "2018.??.??"]
[WhiteTeam "Deutschland"]
[BlackTeam "Deutschland"]
[WhiteTeamCountry "GER"]
[BlackTeamCountry "GER"]
[WhiteClock "1:30:30"]
[BlackClock "1:30:30"]

1. e4 e6 2. d4 d5 3. e5 c5 4. c3 Bd7 5. Nf3 Qb6 6. a3 Bb5 7. c4 Bxc4 8. Bxc4
dxc4 9. d5 exd5 10. Qxd5 Qc6 11. Qxc4 Qa6 12. Qd5 Ne7 13. Qb3 Nbc6 14. Nc3
O-O-O 15. Nb5 Rd5 16. Nc3 Rd7 17. Nb5 Na5 18. Qa4 Nf5 19. O-O Nc6 20. Qc2 Nfd4
21. Nbxd4 Nxd4 22. Nxd4 Rxd4 23. Be3 Qd3 24. Qxd3 1/2-1/2

[Event "10th Vellmar Chess Days"]
[Site "chess24.com"]
[Date "2018.07.14"]
[Round "5.14"]
[White "Tremoehlen, Thomas"]
[Black "Wiegel, Joerg"]
[Result "1-0"]
[WhiteElo "1980"]
[BlackElo "2094"]
[PlyCount "45"]
[EventDate "2018.??.??"]
[WhiteTeam "Deutschland"]
[BlackTeam "Deutschland"]
[WhiteTeamCountry "GER"]
[BlackTeamCountry "GER"]
[WhiteClock "1:30:30"]
[BlackClock "1:30:30"]

1. d4 Nf6 2. Bf4 b6 3. e3 Bb7 4. Nf3 e6 5. Nbd2 d5 6. c3 Bd6 7. Bg3 O-O 8. Bd3
Nbd7 9. Ne5 Qe7 10. Qf3 c5 11. Bf4 cxd4 12. exd4 Rfd8 13. Qh3 Nf8 14. Bg5 h6
15. Bh4 g5 16. Bg3 Kg7 17. f4 Ne4 18. Ng4 f5 19. Qxh6+ Kf7 20. Qh5+ Kg7 21.
Bxe4 Bxf4 22. Bxf4 gxf4 23. Qh6+ 1-0

[Event "10th Vellmar Chess Days"]
[Site "chess24.com"]
[Date "2018.07.14"]
[Round "5.15"]
[White "Hagedorn, Alfons"]
[Black "Pfitzenreuter, Gerald"]
[Result "0-1"]
[WhiteElo "1922"]
[BlackElo "2071"]
[PlyCount "70"]
[EventDate "2018.??.??"]
[WhiteTeam "Deutschland"]
[BlackTeam "Deutschland"]
[WhiteTeamCountry "GER"]
[BlackTeamCountry "GER"]
[WhiteClock "1:30:30"]
[BlackClock "1:30:30"]

1. e4 c5 2. Nf3 d6 3. d3 g6 4. g3 Bg7 5. Bg2 Nc6 6. c3 e6 7. O-O Nge7 8. Nbd2
O-O 9. h4 Rb8 10. Re1 b5 11. Nf1 b4 12. Bd2 bxc3 13. Bxc3 Nd4 14. N1h2 Nec6 15.
Rb1 Qb6 16. Qd2 Qa6 17. a3 Nb3 18. Qf4 Ncd4 19. Bf1 e5 20. Qe3 Nc2 21. Qe2 Nxe1
22. Qxe1 Qc6 23. Qd1 h5 24. Be2 Bh6 25. Nd2 Be6 26. Bxh5 gxh5 27. Qxh5 Kg7 28.
g4 Bf4 29. g5 Rh8 30. Qf3 Rxh4 31. Nxb3 Bxh2+ 32. Kf1 Bxb3 33. Qf6+ Kg8 34. g6
Rg4 35. Qxf7+ Bxf7 0-1

[Event "10th Vellmar Chess Days"]
[Site "chess24.com"]
[Date "2018.07.14"]
[Round "5.16"]
[White "Hehn, Hartmut"]
[Black "Arya Nirag Shah"]
[Result "1/2-1/2"]
[WhiteElo "2046"]
[BlackElo "1819"]
[PlyCount "47"]
[EventDate "2018.??.??"]
[WhiteTeam "Deutschland"]
[BlackTeam "Indien"]
[WhiteTeamCountry "GER"]
[BlackTeamCountry "IND"]
[WhiteClock "1:30:30"]
[BlackClock "1:30:30"]

1. Nf3 Nf6 2. g3 d5 3. Bg2 Bf5 4. c4 c6 5. cxd5 cxd5 6. Qb3 Qd7 7. d4 Nc6 8.
Nc3 e6 9. Bf4 Be7 10. Rc1 O-O 11. O-O Nh5 12. Bd2 Na5 13. Qd1 Nf6 14. Ne5 Qd8
15. Qa4 b6 16. b4 Nb7 17. Nc6 Qd7 18. Nxe7+ Qxe7 19. Nb5 a6 20. Nc3 Nd6 21. Bg5
h6 22. Bxf6 Qxf6 23. Rfd1 Nc4 24. Qb3 1/2-1/2

[Event "10th Vellmar Chess Days"]
[Site "chess24.com"]
[Date "2018.07.14"]
[Round "5.17"]
[White "Reitz, Theresa"]
[Black "Brouer, Pieter"]
[Result "0-1"]
[WhiteElo "1879"]
[BlackElo "2026"]
[PlyCount "118"]
[EventDate "2018.??.??"]
[WhiteTeam "Deutschland"]
[BlackTeam "Deutschland"]
[WhiteTeamCountry "GER"]
[BlackTeamCountry "GER"]
[WhiteClock "1:30:30"]
[BlackClock "1:30:30"]

1. e4 g6 2. d4 Bg7 3. Nc3 d5 4. exd5 Nf6 5. Bc4 Nbd7 6. d6 cxd6 7. Nf3 Nb6 8.
Bb3 Bg4 9. h3 Bxf3 10. Qxf3 Qd7 11. O-O O-O 12. Bg5 Qf5 13. Qxf5 gxf5 14. d5
Rfc8 15. Rad1 Nc4 16. Bxc4 Rxc4 17. Rfe1 Kf8 18. Rd3 h6 19. Bd2 Rac8 20. Rde3
Ne4 21. Nxe4 Rxe4 22. c3 Rc5 23. Rd3 Rxe1+ 24. Bxe1 Bf6 25. f3 b5 26. Bf2 Rc7
27. a3 a6 28. Kf1 Rc4 29. Ke2 Kg7 30. Kd1 f4 31. Kc2 Kg6 32. b3 Rc8 33. Bd4 Rg8
34. Bxf6 Kxf6 35. Rd2 Rg5 36. c4 bxc4 37. bxc4 Re5 38. Kb3 Re3+ 39. Kb4 Re1 40.
Rb2 Rc1 41. a4 e6 42. Ra2 e5 43. Rb2 Kg5 44. Kb3 f5 45. Re2 a5 46. Rd2 Kf6 47.
Re2 Ke7 48. Rf2 Kd7 49. Re2 Kc7 50. Rb2 h5 51. Rd2 Kb6 52. Rb2 Kc5 53. Ka3 Rc3+
54. Ka2 Kxc4 55. Rb5 Rc2+ 56. Kb1 Rxg2 57. Rxa5 Rd2 58. Ra8 Rxd5 59. Rh8 e4 0-1

[Event "10th Vellmar Chess Days"]
[Site "chess24.com"]
[Date "2018.07.14"]
[Round "5.18"]
[White "Lange, Lars"]
[Black "Werner, Martin"]
[Result "0-1"]
[WhiteElo "1846"]
[BlackElo "2018"]
[PlyCount "51"]
[EventDate "2018.??.??"]
[WhiteTeam "Deutschland"]
[BlackTeam "Deutschland"]
[WhiteTeamCountry "GER"]
[BlackTeamCountry "GER"]
[WhiteClock "1:30:30"]
[BlackClock "1:30:30"]

1. d4 d5 2. c4 e6 3. Nc3 c5 4. cxd5 exd5 5. Nf3 Nc6 6. g3 Nf6 7. Bg2 Be7 8. O-O
O-O 9. Bg5 cxd4 10. Nxd4 h6 11. Be3 Re8 12. Rc1 Bf8 13. Nxc6 bxc6 14. Na4 Bd7
15. Bc5 Bxc5 16. Nxc5 Bf5 17. Re1 Qb6 18. b3 Qa5 19. Na4 Rac8 20. Qd4 Ne4 21.
Red1 Qa6 22. e3 Qe2 23. Qb2 Qh5 24. Nc3 Ng5 25. Qe2 Bg4 26. f3 0-1

[Event "10th Vellmar Chess Days"]
[Site "chess24.com"]
[Date "2018.07.14"]
[Round "5.19"]
[White "Stoy, Ulf"]
[Black "Powalla, Christian"]
[Result "1-0"]
[WhiteElo "2006"]
[BlackElo "1812"]
[PlyCount "107"]
[EventDate "2018.??.??"]
[WhiteTeam "Deutschland"]
[BlackTeam "Deutschland"]
[WhiteTeamCountry "GER"]
[BlackTeamCountry "GER"]
[WhiteClock "1:30:30"]
[BlackClock "1:30:30"]

1. c4 Nf6 2. Nc3 e5 3. Nf3 Nc6 4. e4 Bc5 5. Nxe5 Nxe5 6. d4 Bb4 7. dxe5 Nxe4 8.
Qd4 Nxc3 9. bxc3 Be7 10. c5 O-O 11. Be3 d6 12. O-O-O dxc5 13. Qxd8 Rxd8 14.
Rxd8+ Bxd8 15. Bxc5 Bg5+ 16. Kb2 b6 17. Ba3 Bb7 18. Bc4 Rd8 19. Kb3 Bf4 20. e6
fxe6 21. Bxe6+ Kh8 22. f3 h6 23. Bf5 c5 24. Re1 Bg5 25. c4 Bc8 26. Bg6 Bd7 27.
Bb2 b5 28. f4 Bf6 29. Bxf6 gxf6 30. Rd1 bxc4+ 31. Kc3 Rg8 32. Rxd7 Rxg6 33. g3
a5 34. Kxc4 f5 35. Kxc5 Ra6 36. a4 Kg8 37. Rd6 Ra8 38. Rxh6 Kg7 39. Re6 Rh8 40.
Kb5 Rxh2 41. Kxa5 Rg2 42. Re3 Rb2 43. Ka6 Kf7 44. a5 Kg6 45. Ka7 Kh5 46. a6 Kg4
47. Ka8 Rb5 48. a7 Rb2 49. Re7 Kxg3 50. Rb7 Rxb7 51. Kxb7 Kxf4 52. a8=Q Kg3 53.
Qg8+ Kf3 54. Qg1 1-0

[Event "10th Vellmar Chess Days"]
[Site "chess24.com"]
[Date "2018.07.14"]
[Round "5.20"]
[White "Pauls, Wilhelm"]
[Black "Luke, Niko"]
[Result "1-0"]
[WhiteElo "1971"]
[BlackElo "1788"]
[PlyCount "45"]
[EventDate "2018.??.??"]
[WhiteTeam "Deutschland"]
[BlackTeam "Deutschland"]
[WhiteTeamCountry "GER"]
[BlackTeamCountry "GER"]
[WhiteClock "1:30:30"]
[BlackClock "1:30:30"]

1. e4 c5 2. Nf3 d6 3. d4 cxd4 4. Nxd4 Nf6 5. Nc3 a6 6. Bg5 e6 7. f4 Qb6 8. Qd2
Qxb2 9. Rb1 Qa3 10. f5 Nc6 11. fxe6 fxe6 12. Nxc6 bxc6 13. e5 dxe5 14. Bxf6
gxf6 15. Be2 h5 16. O-O Be7 17. Ne4 f5 18. Rb3 Qa4 19. Nf2 Ra7 20. c4 Rb7 21.
Qd1 h4 22. Rxb7 Bxb7 23. Qxa4 1-0

[Event "10th Vellmar Chess Days"]
[Site "chess24.com"]
[Date "2018.07.14"]
[Round "5.21"]
[White "Heinelt, Manfred"]
[Black "Henkemeier, Michael"]
[Result "1/2-1/2"]
[WhiteElo "2126"]
[BlackElo "1856"]
[PlyCount "56"]
[EventDate "2018.??.??"]
[WhiteTeam "Deutschland"]
[BlackTeam "Deutschland"]
[WhiteTeamCountry "GER"]
[BlackTeamCountry "GER"]
[WhiteClock "1:30:30"]
[BlackClock "1:30:30"]

1. d4 d5 2. c4 c6 3. Nc3 Nf6 4. Nf3 dxc4 5. a4 Bf5 6. e3 e6 7. Bxc4 Bb4 8. O-O
O-O 9. Na2 Be7 10. Nh4 Bg4 11. Nf3 Nbd7 12. h3 Bh5 13. Be2 Qc7 14. Nc3 Rfd8 15.
Bd2 Rac8 16. Rc1 Qb8 17. Qb3 c5 18. Rfd1 cxd4 19. Nxd4 Bxe2 20. Ndxe2 Nc5 21.
Qc2 Nd3 22. Rb1 Rd7 23. Nd4 Nb4 24. Qb3 a5 25. Be1 Rcd8 26. Nf3 Rxd1 27. Rxd1
Rxd1 28. Qxd1 Qd6 1/2-1/2

[Event "10th Vellmar Chess Days"]
[Site "chess24.com"]
[Date "2018.07.14"]
[Round "5.22"]
[White "Braun, Ingram"]
[Black "Ruhl, Marcel"]
[Result "1-0"]
[WhiteElo "2065"]
[BlackElo "1721"]
[PlyCount "55"]
[EventDate "2018.??.??"]
[WhiteTeam "Deutschland"]
[BlackTeam "Deutschland"]
[WhiteTeamCountry "GER"]
[BlackTeamCountry "GER"]
[WhiteClock "1:30:30"]
[BlackClock "1:30:30"]

1. e4 e5 2. Nc3 Nf6 3. g3 Nc6 4. Bg2 Bc5 5. Nge2 O-O 6. O-O a6 7. h3 d6 8. d3
Be6 9. Nd5 Nd7 10. c3 Bxd5 11. exd5 Ne7 12. Kh2 f5 13. f4 Ng6 14. fxe5 dxe5 15.
d4 exd4 16. Nxd4 Bxd4 17. Qxd4 Nb6 18. c4 Qe7 19. Bd2 Qe5 20. Qxe5 Nxe5 21. b3
Nd3 22. Ba5 Rae8 23. Rad1 Nc5 24. d6 Ne4 25. dxc7 Nc8 26. Bb4 Rf7 27. Rd8 Nf6
28. Bd5 1-0

[Event "10th Vellmar Chess Days"]
[Site "chess24.com"]
[Date "2018.07.14"]
[Round "5.23"]
[White "Pabst, Olaf"]
[Black "Kuschel, Heidi"]
[Result "0-1"]
[WhiteElo "1593"]
[BlackElo "1734"]
[PlyCount "100"]
[EventDate "2018.??.??"]
[WhiteTeam "Deutschland"]
[BlackTeam "Deutschland"]
[WhiteTeamCountry "GER"]
[BlackTeamCountry "GER"]
[WhiteClock "1:30:30"]
[BlackClock "1:30:30"]

1. Nc3 e5 2. e4 Nc6 3. f4 d6 4. Nf3 Bg4 5. Bb5 Nge7 6. Nd5 a6 7. Nxe7 axb5 8.
Nxc6 bxc6 9. d3 exf4 10. Bxf4 Be7 11. O-O O-O 12. c3 c5 13. Qd2 Qd7 14. e5 Be6
15. a3 Ra6 16. Qe3 Rfa8 17. Bg5 b4 18. Bxe7 Qxe7 19. cxb4 cxb4 20. d4 d5 21.
Rfe1 bxa3 22. Rxa3 Rxa3 23. bxa3 Rxa3 24. Qd2 h6 25. Qb2 Ra8 26. Rc1 Qd7 27.
Kf2 Rc8 28. Rc5 c6 29. Qb6 Bg4 30. Qb3 Qa7 31. Kg3 Bd7 32. Qc3 Ra8 33. h3 Qa3
34. Qxa3 Rxa3 35. Rc2 Kf8 36. h4 Ke7 37. Kh2 Rd3 38. Rd2 Rxd2 39. Nxd2 Ke6 40.
Kg3 Kf5 41. Nf3 Ke4 42. h5 Be6 43. Kh4 Ke3 44. Kg3 Bf5 45. Nh4 Be4 46. Nf3 Bxf3
47. gxf3 Kxd4 48. f4 c5 49. Kg4 c4 50. Kf5 c3 0-1

[Event "10th Vellmar Chess Days"]
[Site "chess24.com"]
[Date "2018.07.14"]
[Round "5.24"]
[White "Krien, Hartmut"]
[Black "Krausse, Eckhard"]
[Result "1-0"]
[WhiteElo "1834"]
[BlackElo "1974"]
[PlyCount "57"]
[EventDate "2018.??.??"]
[WhiteTeam "Deutschland"]
[BlackTeam "Deutschland"]
[WhiteTeamCountry "GER"]
[BlackTeamCountry "GER"]
[WhiteClock "1:30:30"]
[BlackClock "1:30:30"]

1. e4 e5 2. Nf3 Nc6 3. Bb5 a6 4. Bxc6 dxc6 5. O-O Bg4 6. h3 h5 7. d3 Qf6 8.
Nbd2 Bd6 9. Re1 Be6 10. d4 O-O-O 11. Nb3 Qe7 12. Qe2 f6 13. Be3 g5 14. c4 g4
15. Nh4 f5 16. Ng6 Qg7 17. exf5 Bxf5 18. Nxh8 gxh3 19. g3 h4 20. Qh5 hxg3 21.
Qxf5+ Kb8 22. Qxh3 Nf6 23. Qxg3 Qxh8 24. dxe5 Ne4 25. exd6 Nxg3 26. dxc7+ Kxc7
27. Bf4+ Kc8 28. Bxg3 Qh3 29. Re7 1-0

[Event "10th Vellmar Chess Days"]
[Site "chess24.com"]
[Date "2018.07.14"]
[Round "5.25"]
[White "Boder, Jan"]
[Black "Jungklaus, Lars"]
[Result "1-0"]
[WhiteElo "1848"]
[BlackElo "1742"]
[PlyCount "71"]
[EventDate "2018.??.??"]
[WhiteTeam "Deutschland"]
[BlackTeam "Deutschland"]
[WhiteTeamCountry "GER"]
[BlackTeamCountry "GER"]
[WhiteClock "1:30:30"]
[BlackClock "1:30:30"]

1. c4 c5 2. g3 Nc6 3. Bg2 Nf6 4. Nc3 g6 5. e4 Bg7 6. Nge2 O-O 7. d3 d6 8. O-O
Bd7 9. f4 Qc8 10. Be3 Bh3 11. f5 Bxg2 12. Kxg2 e6 13. Qd2 Ne5 14. Bh6 exf5 15.
Bxg7 Kxg7 16. exf5 Qc6+ 17. Kh3 h6 18. Nf4 Nf3 19. Qf2 Ng5+ 20. Kh4 Ngh7 21.
Nfd5 Rae8 22. Rae1 g5+ 23. Kh3 g4+ 24. Kg2 Ng5 25. Qf4 Nf3 26. Rxe8 Rxe8 27.
Ne4 Nxd5 28. cxd5 Qxd5 29. Qxg4+ Ng5 30. h4 Qxd3 31. Nf2 Qd5+ 32. Kg1 Kh7 33.
hxg5 Rg8 34. Qe4 Qd2 35. g6+ fxg6 36. f6 1-0

[Event "10th Vellmar Chess Days"]
[Site "chess24.com"]
[Date "2018.07.14"]
[Round "5.26"]
[White "Gerhardt, Dirk"]
[Black "Silini, Jalel"]
[Result "0-1"]
[WhiteElo "1904"]
[BlackElo "1702"]
[PlyCount "40"]
[EventDate "2018.??.??"]
[WhiteTeam "Deutschland"]
[BlackTeam "Deutschland"]
[WhiteTeamCountry "GER"]
[BlackTeamCountry "GER"]
[WhiteClock "1:30:30"]
[BlackClock "1:30:30"]

1. Nf3 Nf6 2. c4 d5 3. e3 dxc4 4. Bxc4 e6 5. Nc3 c5 6. O-O Be7 7. Qc2 b6 8. b3
Nc6 9. a3 Bb7 10. Bb2 O-O 11. Rad1 Qc7 12. d4 cxd4 13. Nxd4 Nxd4 14. exd4 Bd6
15. h3 Qc6 16. d5 exd5 17. Bxd5 Nxd5 18. Rxd5 Rac8 19. Rg5 Bf4 20. Rd5 Qxd5 0-1

[Event "10th Vellmar Chess Days"]
[Site "chess24.com"]
[Date "2018.07.14"]
[Round "5.27"]
[White "Meyer, Marcel"]
[Black "Simukov, Erik"]
[Result "1/2-1/2"]
[WhiteElo "1776"]
[BlackElo "1813"]
[PlyCount "79"]
[EventDate "2018.??.??"]
[WhiteTeam "Deutschland"]
[BlackTeam "Deutschland"]
[WhiteTeamCountry "GER"]
[BlackTeamCountry "GER"]
[WhiteClock "1:30:30"]
[BlackClock "1:30:30"]

1. d4 d5 2. c4 e6 3. Nc3 Nf6 4. cxd5 exd5 5. Bg5 c6 6. Qc2 Be7 7. e3 Nbd7 8.
Bd3 O-O 9. Nf3 Re8 10. O-O Nf8 11. Rab1 g6 12. b4 Ne6 13. Bh4 a6 14. a4 Ng7 15.
Ne5 Bd6 16. Nf3 Bf5 17. Bg3 Bxd3 18. Qxd3 Nf5 19. Bxd6 Nxd6 20. Ne5 Nd7 21.
Nxd7 Qxd7 22. Rfc1 h5 23. Rb2 Kg7 24. Rbc2 Rad8 25. Rb1 h4 26. b5 axb5 27. axb5
h3 28. bxc6 bxc6 29. g3 Qg4 30. Rcb2 Nc4 31. Qe2 Qf5 32. Rb7 Nd2 33. Qxd2 Qf3
34. Kf1 c5 35. Ke1 Qh1+ 36. Ke2 Qxh2 37. Qd1 Qg2 38. Qh1 cxd4 39. Qxg2 hxg2 40.
Na4 1/2-1/2

[Event "10th Vellmar Chess Days"]
[Site "chess24.com"]
[Date "2018.07.14"]
[Round "5.28"]
[White "Haack, Kevin"]
[Black "Kroemer, Alexander"]
[Result "1-0"]
[WhiteElo "1869"]
[BlackElo "1564"]
[PlyCount "65"]
[EventDate "2018.??.??"]
[WhiteTeam "Deutschland"]
[BlackTeam "Deutschland"]
[WhiteTeamCountry "GER"]
[BlackTeamCountry "GER"]
[WhiteClock "1:30:30"]
[BlackClock "1:30:30"]

1. c4 c5 2. Nc3 Nc6 3. g3 g6 4. Bg2 Bg7 5. a3 a5 6. Nf3 Nf6 7. O-O O-O 8. d4
cxd4 9. Nxd4 Nxd4 10. Qxd4 d6 11. Qd1 Nd7 12. e4 Ne5 13. Qe2 Qc7 14. Nd5 Qxc4
15. Nxe7+ Kh8 16. Qxc4 Nxc4 17. Nxc8 Raxc8 18. Rb1 Ne5 19. Rd1 Rfd8 20. f4 Nc6
21. Be3 Ra8 22. Bb6 Rd7 23. Bh3 Re7 24. Bg2 Re6 25. b3 Ra6 26. Bf2 Kg8 27. Rd3
Kf8 28. Rbd1 Ke7 29. e5 dxe5 30. Bc5+ Kf6 31. Bh3 e4 32. Rd5 Ne7 33. Bd4+ 1-0

[Event "10th Vellmar Chess Days"]
[Site "chess24.com"]
[Date "2018.07.14"]
[Round "5.29"]
[White "Weber, Andreas"]
[Black "Thomasson, Staffan"]
[Result "1-0"]
[WhiteElo "1693"]
[BlackElo "1868"]
[PlyCount "63"]
[EventDate "2018.??.??"]
[WhiteTeam "Deutschland"]
[BlackTeam "Schweden"]
[WhiteTeamCountry "GER"]
[BlackTeamCountry "SWE"]
[WhiteClock "1:30:30"]
[BlackClock "1:30:30"]

1. Nf3 Nf6 2. g3 d5 3. Bg2 c6 4. O-O Bf5 5. d3 Nbd7 6. Nbd2 e5 7. Re1 Bc5 8. h3
Qb6 9. Rf1 O-O-O 10. Nh4 Be6 11. Qe1 g5 12. Nhf3 e4 13. d4 Bxd4 14. Nxd4 Qxd4
15. Nb3 Qe5 16. Qa5 Kb8 17. Be3 b6 18. Qb4 Rc8 19. a4 c5 20. Qa3 d4 21. Bd2 e3
22. a5 b5 23. fxe3 Qxg3 24. Rf3 Qc7 25. Be1 Bd5 26. Bg3 Ne5 27. Rxf6 Bxg2 28.
Kxg2 Ka8 29. exd4 Qb7+ 30. Kh2 Nc4 31. Nxc5 Qe7 32. Qf3+ 1-0

[Event "10th Vellmar Chess Days"]
[Site "chess24.com"]
[Date "2018.07.14"]
[Round "5.30"]
[White "Hansult, Manfred"]
[Black "Rehbein, Ullrich"]
[Result "1/2-1/2"]
[WhiteElo "1842"]
[BlackElo "1756"]
[PlyCount "48"]
[EventDate "2018.??.??"]
[WhiteTeam "Deutschland"]
[BlackTeam "Deutschland"]
[WhiteTeamCountry "GER"]
[BlackTeamCountry "GER"]
[WhiteClock "1:30:30"]
[BlackClock "1:30:30"]

1. d4 Nf6 2. Nf3 c5 3. e3 d5 4. c3 e6 5. Bd3 Nc6 6. Nbd2 cxd4 7. exd4 Be7 8.
O-O O-O 9. Re1 Bd7 10. Nf1 Rc8 11. Ng3 Na5 12. Ne5 Nc4 13. Qe2 Bb5 14. Nf3 Bc6
15. Ne5 Nd6 16. Bg5 Qe8 17. h4 Bb5 18. h5 Bxd3 19. Qxd3 Nfe4 20. Bxe7 Qxe7 21.
Nxe4 Nxe4 22. Qh3 Qg5 23. Nf3 Qf4 24. Re3 h6 1/2-1/2

[Event "10th Vellmar Chess Days"]
[Site "chess24.com"]
[Date "2018.07.14"]
[Round "5.31"]
[White "Michels, Fabio"]
[Black "Kanbach, Mike"]
[Result "1/2-1/2"]
[WhiteElo "1729"]
[BlackElo "1817"]
[PlyCount "26"]
[EventDate "2018.??.??"]
[WhiteTeam "Deutschland"]
[BlackTeam "Deutschland"]
[WhiteTeamCountry "GER"]
[BlackTeamCountry "GER"]
[WhiteClock "1:30:30"]
[BlackClock "1:30:30"]

1. c4 e5 2. g3 Nf6 3. Bg2 Nc6 4. Nc3 Bb4 5. Nd5 Bc5 6. Nf3 d6 7. d3 h6 8. Bd2
a5 9. Nxf6+ Qxf6 10. O-O O-O 11. e3 Be6 12. Bc3 Bb4 13. Qd2 Qe7 1/2-1/2

[Event "10th Vellmar Chess Days"]
[Site "chess24.com"]
[Date "2018.07.14"]
[Round "5.32"]
[White "Woellenstein, Sebastian"]
[Black "Werner, Rosalie"]
[Result "1-0"]
[WhiteElo "1786"]
[BlackElo "1564"]
[PlyCount "63"]
[EventDate "2018.??.??"]
[WhiteTeam "Deutschland"]
[BlackTeam "Deutschland"]
[WhiteTeamCountry "GER"]
[BlackTeamCountry "GER"]
[WhiteClock "1:30:30"]
[BlackClock "1:30:30"]

1. e4 e6 2. d4 d5 3. e5 c5 4. c3 Nc6 5. Nf3 Qb6 6. a3 Bd7 7. b4 cxd4 8. cxd4
Rc8 9. Be2 Nge7 10. O-O Nf5 11. Bb2 Be7 12. g4 Nh4 13. Nbd2 Ng6 14. Nb3 Nf4 15.
Rc1 O-O 16. Qd2 Nxe2+ 17. Qxe2 a6 18. Ne1 Na7 19. Nd3 Bb5 20. Nbc5 Bxc5 21.
dxc5 Qc7 22. Qe3 Nc6 23. f4 a5 24. Rf3 axb4 25. Nxb4 Ra8 26. f5 Ra4 27. f6 h6
28. Rh3 Nxb4 29. fxg7 Nd3 30. Qxh6 Rxg4+ 31. Rg3 Rh4 32. Qxh4 1-0

[Event "10th Vellmar Chess Days"]
[Site "chess24.com"]
[Date "2018.07.14"]
[Round "5.33"]
[White "Hofschlag, Dirk"]
[Black "Koronowski, Heinz-Juergen"]
[Result "0-1"]
[WhiteElo "1708"]
[BlackElo "1759"]
[PlyCount "124"]
[EventDate "2018.??.??"]
[WhiteTeam "Deutschland"]
[BlackTeam "Deutschland"]
[WhiteTeamCountry "GER"]
[BlackTeamCountry "GER"]
[WhiteClock "1:30:30"]
[BlackClock "1:30:30"]

1. Nf3 Nf6 2. b3 g6 3. Bb2 Bg7 4. Ne5 d6 5. Nd3 e5 6. Nc3 Nc6 7. e4 O-O 8. f3
Nh5 9. g3 f5 10. Bg2 fxe4 11. Nxe4 Bf5 12. Nef2 Nf6 13. Qe2 a5 14. a4 Rb8 15.
O-O Qd7 16. Rfe1 Rfe8 17. Qf1 Re7 18. Bh3 Nd5 19. Bg2 Ndb4 20. Rec1 Nxd3 21.
Nxd3 e4 22. Bxg7 Kxg7 23. Ne1 exf3 24. Nxf3 Be4 25. Qd1 Qg4 26. Ne1 Qxd1 27.
Rxd1 Bxg2 28. Nxg2 Nd4 29. Ra2 Re2 30. c3 Nxb3 31. Rb1 Rxd2 32. Rab2 Rxb2 33.
Rxb2 Nc5 34. Nf4 b6 35. Ra2 g5 36. Ne2 Kf7 37. Kf1 Ke7 38. Ke1 Kd7 39. Nd4 Ne6
40. Ke2 Nc5 41. Ke3 Re8+ 42. Kf3 h5 43. Ra1 Ne4 44. Ra3 Nd2+ 45. Kf2 Nc4 46.
Ra2 c5 47. Nf3 g4 48. Nd2 Nxd2 49. Rxd2 Kc6 50. c4 Re4 51. Rd5 Rxc4 52. Rxh5
Rxa4 53. h4 gxh3 54. g4 Rxg4 55. Rxh3 Rd4 56. Ke3 a4 57. Rh8 Kb5 58. Rb8 a3 59.
Rb7 a2 60. Ra7 Ra4 61. Rb7 a1=Q 62. Rxb6+ Kxb6 0-1

[Event "10th Vellmar Chess Days"]
[Site "chess24.com"]
[Date "2018.07.15"]
[Round "6.1"]
[White "Pap, Misa"]
[Black "Wenninger, Philipp"]
[Result "1-0"]
[WhiteElo "2473"]
[BlackElo "2371"]
[PlyCount "69"]
[EventDate "2018.??.??"]
[WhiteTeam "Serbien"]
[BlackTeam "Deutschland"]
[WhiteTeamCountry "SRB"]
[BlackTeamCountry "GER"]
[WhiteClock "0:14:53"]
[BlackClock "0:36:45"]

1. e4 c6 2. d4 d5 3. Nd2 dxe4 4. Nxe4 Bf5 5. Ng3 Bg6 6. h4 h6 7. Nf3 e6 8. Ne5
Bh7 9. Bd3 Bxd3 10. Qxd3 Nd7 11. Bf4 Nxe5 12. Bxe5 Qa5+ 13. c3 Nf6 14. Ne4 Nxe4
15. Qxe4 Qd5 16. f3 Qc4 17. h5 O-O-O 18. Qe2 Qxe2+ 19. Kxe2 f6 20. Bg3 Bd6 21.
Bf2 Rhe8 22. Rae1 e5 23. Kd3 Bc7 24. Re4 Rd5 25. c4 Rd7 26. c5 Red8 27. Rg4
exd4 28. Re1 b6 29. Re6 Kb7 30. b4 a5 31. b5 Rd5 32. bxc6+ Kc8 33. cxb6 Bxb6
34. Rxg7 Rc5 35. Bg3 1-0

[Event "10th Vellmar Chess Days"]
[Site "chess24.com"]
[Date "2018.07.15"]
[Round "6.2"]
[White "Dorst, Johannes"]
[Black "Spiess, Gunter"]
[Result "0-1"]
[WhiteElo "2217"]
[BlackElo "2422"]
[PlyCount "68"]
[EventDate "2018.??.??"]
[WhiteTeam "Deutschland"]
[BlackTeam "Deutschland"]
[WhiteTeamCountry "GER"]
[BlackTeamCountry "GER"]
[WhiteClock "0:25:59"]
[BlackClock "1:06:46"]

1. e4 e6 2. d4 d5 3. Nc3 Nf6 4. e5 Nfd7 5. f4 c5 6. Nf3 Nc6 7. Be3 Be7 8. Qd2
O-O 9. dxc5 Qa5 10. O-O-O b6 11. Bb5 Nb4 12. a3 bxc5 13. Bxd7 Bxd7 14. axb4
cxb4 15. Nb1 Rfc8 16. Nd4 Qa2 17. Qd3 a5 18. b3 Rc3 19. Nxc3 bxc3 20. Qxc3 Bb4
21. Qxb4 axb4 22. Kd2 Qb2 23. Ke2 f6 24. Rd3 fxe5 25. fxe5 Bc8 26. Kf2 Ba6 27.
Rd2 Rf8+ 28. Kg3 Qc3 29. Re1 Rf1 30. Nf3 Rxe1 31. Bd4 Qxd2 32. Nxd2 Re2 33. Nf3
Rxc2 34. Bf2 Rc3 0-1

[Event "10th Vellmar Chess Days"]
[Site "chess24.com"]
[Date "2018.07.15"]
[Round "6.3"]
[White "Nilsson, Anders 1976"]
[Black "Meyner, Hannes"]
[Result "0-1"]
[WhiteElo "2228"]
[BlackElo "2170"]
[PlyCount "112"]
[EventDate "2018.??.??"]
[WhiteTeam "Schweden"]
[BlackTeam "Deutschland"]
[WhiteTeamCountry "SWE"]
[BlackTeamCountry "GER"]
[WhiteClock "0:03:09"]
[BlackClock "0:01:29"]

1. d4 Nf6 2. Nf3 d5 3. c4 e6 4. Nc3 Bb4 5. Bd2 O-O 6. e3 Re8 7. a3 Bf8 8. Qb3
a6 9. Rc1 Nc6 10. Qa2 e5 11. cxd5 Nxd4 12. Ng5 h6 13. Nge4 c6 14. Bc4 b5 15.
Nxf6+ Qxf6 16. Bd3 Bf5 17. Qb1 Bxd3 18. Qxd3 c5 19. O-O c4 20. Qb1 Nb3 21. Ne4
Qg6 22. Rcd1 f5 23. Ng3 e4 24. Bc3 Nc5 25. Ne2 Bd6 26. Qc2 Nd3 27. g3 Qf7 28.
a4 b4 29. Bd4 Qxd5 30. a5 Rac8 31. Bb6 Be5 32. Rd2 Qb5 33. Bd4 Bc7 34. f3 Bxa5
35. Qd1 b3 36. fxe4 Rxe4 37. Bc3 Rxe3 38. Nd4 Qb6 39. Qh5 Bxc3 40. bxc3 b2 41.
Qxf5 Ree8 42. Rdd1 Qc5 43. Qf7+ Kh8 44. Rf5 Qe7 45. Qg6 Nc1 46. Rf7 Qxf7 47.
Qxf7 b1=Q 48. Nf5 Rg8 49. Nxh6 Ne2+ 50. Kf2 Qxd1 51. Nf5 Nxc3 52. Ne7 Qe2+ 53.
Kg1 Qe3+ 54. Kg2 Qe4+ 55. Kg1 Ne2+ 56. Kf2 Rgf8 0-1